50 most populated municipalities in the Macaronesian Islands - Statistics

General Stats
  • This quiz has been taken 39 times
    13 since last reset
  • The average score is 21 of 50
Answer Stats
Island Arch. Pop. Municipality % Correct
Gran Canaria IC 381k Las Palmas de Gran Canaria
100%
Madeira MA 43k Santa Cruz
83%
Santiago CV 26k Santa Cruz
83%
La Palma IC 17k Santa Cruz de La Palma
83%
Tenerife IC 204k Santa Cruz de Tenerife
83%
Madeira MA 112k Funchal
75%
Santiago CV 159k Praia
75%
Terceira AZ 21k Praia da Vitoria
75%
Sal CV 37k Sal
75%
Lanzarote IC 55k Arrecife
67%
Tenerife IC 31k Puerto de la Cruz
67%
Fuerteventura IC 36k Puerto del Rosario
67%
São Vicente CV 83k São Vicente
67%
Tenerife IC 43k Adeje
58%
Tenerife IC 75k Arona
58%
Tenerife IC 152k San Cristóbal de La Laguna
58%
Gran Canaria IC 101k Telde
58%
Tenerife IC 41k Granadilla de Abona
50%
Gran Canaria IC 53k San Bartolomé de Tirajana
50%
Tenerife IC 18k Güímar
42%
Tenerife IC 23k Icod de los Vinos
42%
Tenerife IC 42k La Orotava
42%
Gran Canaria IC 23k Mogán
42%
São Miguel AZ 69k Ponta Delgada
42%
Lanzarote IC 18k San Bartolomé
42%
Gran Canaria IC 67k Santa Lucía de Tirajana
42%
Boa Vista CV 17k Boa Vista
33%
Gran Canaria IC 24k Gáldar
33%
Fuerteventura IC 20k Pájara
33%
Lanzarote & La Graciosa IC 20k Teguise
33%
Gran Canaria IC 30k Agüimes
25%
Terceira AZ 35k Angra do Heroísmo
25%
Gran Canaria IC 37k Arucas
25%
Tenerife IC 26k Candelaria
25%
Tenerife IC 20k Guía de Isora
25%
Gran Canaria IC 30k Ingenio
25%
Gran Canaria IC 19k Santa Brígida
25%
Tenerife IC 24k Tacoronte
25%
Lanzarote IC 19k Tías
25%
Tenerife IC 17k El Rosario
17%
Fuerteventura IC 23k La Oliva
17%
La Palma IC 20k Los Llanos de Aridane
17%
Tenerife IC 38k Los Realejos
17%
Madeira MA 22k Machico
17%
Madeira MA 36k Cãmara de Lobos
8%
Santo Antão CV 17k Porto Novo
8%
São Miguel AZ 32k Ribeira Grande
8%
Santiago CV 46k Santa Catarina
8%
Fogo CV 21k São Filipe
8%
Santiago CV 18k Tarrafal
8%
No matching quizzes found
Score Distribution
Percent of People with Each Score
Percentile by Number Answered
Your Score History
You have not taken this quiz since the last reset